[Event "Bad Woerishofen op"]
[Site "?"]
[Date "2009.03.11"]
[Round "7"]
[White "De Santis, Alessio"]
[Black "Gauss, Gustav"]
[Result "1-0"]
[WhiteElo "2278"]
[BlackElo "2032"]
[PlyCount "63"]
[EventDate "2009.03.05"]

1. d4 Nf6 2. Nc3 c5 3. d5 d6 4. e4 g6 5. Be2 Bg7 6. h4 h5 7. f3 Na6 8. Bg5 Bd7
9. Qd2 Qa5 10. Nh3 Qb4 11. Qc1 c4 12. a3 Qa5 13. Nf2 b5 14. O-O Nh7 15. Be3 Rc8
16. Qd2 Nc5 17. Bd4 Nf6 18. Qe3 Bh6 19. f4 O-O 20. g3 e5 21. dxe6 fxe6 22. e5
Nd5 23. Nxd5 exd5 24. Bf3 Ne4 25. Nxe4 dxe5 26. Nf6+ Rxf6 27. Qxe5 Bg7 28.
Bxd5+ Kf8 29. Rae1 Qd8 30. Bc3 a5 31. Bxa5 Rb6 32. Bb4+ 1-0

[Event "Bad Woerishofen op"]
[Site "?"]
[Date "2009.03.11"]
[Round "7"]
[White "Beulertz, Dr. Stefan"]
[Black "Meul, Willi"]
[Result "1-0"]
[WhiteElo "1834"]
[BlackElo "1988"]
[PlyCount "39"]
[EventDate "2009.03.05"]

1. e4 c5 2. Nc3 Nc6 3. f4 d6 4. Nf3 g6 5. Bc4 Bg7 6. O-O e6 7. d3 Nge7 8. Qe1
O-O 9. Qh4 d5 10. Bb3 Nd4 11. f5 Nec6 12. Bg5 f6 13. fxg6 hxg6 14. Bh6 Nxb3 15.
axb3 d4 16. Ne2 Bd7 17. Nf4 g5 18. Bxg5 fxg5 19. Nxg5 Rf6 20. Qh7+ 1-0

[Event "Bad Woerishofen op"]
[Site "?"]
[Date "2009.03.11"]
[Round "7"]
[White "Joachim, Klaus"]
[Black "Wiesbeck, Florian"]
[Result "0-1"]
[WhiteElo "1861"]
[BlackElo "1994"]
[PlyCount "96"]
[EventDate "2009.03.05"]

1. e4 c5 2. Nf3 e6 3. d4 cxd4 4. Nxd4 Qb6 5. c3 Bc5 6. Qc2 Nc6 7. Nb3 Be7 8.
Be3 Qc7 9. N1d2 Nf6 10. Be2 O-O 11. O-O d5 12. Rad1 b6 13. Bf3 dxe4 14. Nxe4
Bb7 15. Nxf6+ Bxf6 16. Be4 g6 17. Nd4 Nxd4 18. Bxd4 Bxd4 19. Bxb7 Bxf2+ 20.
Qxf2 Qxb7 21. Qf6 Qc7 22. Rf3 Rad8 23. Rfd3 Rxd3 24. Rxd3 Qc4 25. Rd8 Qc5+ 26.
Kf1 Rxd8 27. Qxd8+ Kg7 28. Qd3 Qd5 29. Qxd5 exd5 30. Ke2 Kf6 31. Kd3 Ke5 32. g3
g5 33. a4 h5 34. b4 a6 35. c4 dxc4+ 36. Kxc4 Kd6 37. Kd4 f5 38. h3 h4 39. gxh4
gxh4 40. Ke3 Ke5 41. Kf3 f4 42. Kf2 Ke4 43. Ke2 f3+ 44. Kf2 Kf4 45. Kf1 Kg3 46.
Kg1 Kxh3 47. Kh1 Kg3 48. Kg1 f2+ 0-1

[Event "Bad Woerishofen op"]
[Site "?"]
[Date "2009.03.11"]
[Round "7"]
[White "Duckstein, Torsten"]
[Black "Frijling, Jereon"]
[Result "1/2-1/2"]
[WhiteElo "1960"]
[BlackElo "1823"]
[PlyCount "76"]
[EventDate "2009.03.05"]

1. d4 Nf6 2. Nf3 d5 3. g3 Bf5 4. Bg2 c6 5. O-O e6 6. c4 Bd6 7. b3 O-O 8. Bb2
Nbd7 9. Nbd2 h6 10. Ne5 Rc8 11. h3 Qc7 12. g4 Bh7 13. f4 Ne4 14. c5 Be7 15.
Nxe4 Bxe4 16. Bxe4 dxe4 17. Qc2 f5 18. Ng6 Rfe8 19. Qc4 Bf6 20. gxf5 Kh7 21.
fxe6 Kxg6 22. exd7 Qxd7 23. f5+ Kh7 24. e3 Qc7 25. Kg2 Bh4 26. Rf4 Bg5 27. Rg4
Rf8 28. h4 Rxf5 29. hxg5 Rcf8 30. g6+ Kh8 31. Rh1 Rf2+ 32. Kg1 Rxb2 33. Rxh6+
gxh6 34. g7+ Qxg7 35. Rxg7 Rb1+ 36. Kg2 Rb2+ 37. Kg1 Rb1+ 38. Kg2 Rb2+ 1/2-1/2

[Event "Bad Woerishofen op"]
[Site "?"]
[Date "2009.03.11"]
[Round "7"]
[White "Wittfoth, Kai-Uve"]
[Black "Spanton, Timothy"]
[Result "1/2-1/2"]
[WhiteElo "2156"]
[BlackElo "2008"]
[PlyCount "95"]
[EventDate "2009.03.05"]

1. d4 d5 2. c4 Nc6 3. e3 e5 4. a3 exd4 5. cxd5 Qxd5 6. Nc3 Qd8 7. exd4 Nxd4 8.
Nf3 Nxf3+ 9. Qxf3 Qf6 10. Qxf6 Nxf6 11. Nb5 Bd6 12. Nxd6+ cxd6 13. Bf4 O-O 14.
f3 Re8+ 15. Kf2 d5 16. Bb5 Bd7 17. Bxd7 Nxd7 18. Rhd1 Nf6 19. Rd2 Rac8 20. Rad1
h6 21. Be3 a6 22. Bd4 Red8 23. g4 Kh7 24. Kg3 Rc6 25. Bxf6 gxf6 26. Rxd5 Rxd5
27. Rxd5 Rc2 28. b4 Rc3 29. Rd7 Kg6 30. a4 b6 31. Rd6 Ra3 32. Rxb6 Rxa4 33. Rb8
a5 34. b5 Rb4 35. b6 Kg7 36. Ra8 Rxb6 37. Rxa5 Rb4 38. f4 Rb3+ 39. Kh4 Rb4 40.
f5 Rb2 41. h3 Rb3 42. Ra2 Rc3 43. Rg2 Ra3 44. Rh2 Rb3 45. Kh5 Rf3 46. h4 Rg3
47. Rf2 Rg1 48. Rf3 1/2-1/2

[Event "Bad Woerishofen op"]
[Site "?"]
[Date "2009.03.11"]
[Round "7"]
[White "Urban, Rudolf"]
[Black "Schiffer, Steve"]
[Result "1-0"]
[WhiteElo "1994"]
[BlackElo "2152"]
[PlyCount "47"]
[EventDate "2009.03.05"]

1. d4 g6 2. Nf3 Bg7 3. c4 Nf6 4. Nc3 d6 5. Bg5 O-O 6. e3 c6 7. Be2 Qc7 8. O-O
Nbd7 9. Rc1 e5 10. h3 Re8 11. dxe5 dxe5 12. e4 Nh5 13. Be3 Nf4 14. Qd2 Bf8 15.
Rfd1 Nc5 16. Bf1 Be7 17. Kh2 Rd8 18. Qc2 Be6 19. g3 Nh5 20. Nd5 cxd5 21. cxd5
Bd7 22. Bxc5 Rdc8 23. d6 Bxd6 24. Rxd6 1-0

[Event "Bad Woerishofen op"]
[Site "?"]
[Date "2009.03.11"]
[Round "7"]
[White "Rutten, David"]
[Black "Titz, Waldemar"]
[Result "1/2-1/2"]
[WhiteElo "1900"]
[BlackElo "1805"]
[PlyCount "34"]
[EventDate "2009.03.05"]

1. d4 Nf6 2. Nf3 d5 3. e3 e6 4. Bd3 Be7 5. b3 O-O 6. Bb2 Nbd7 7. O-O b6 8. Nbd2
Bb7 9. Ne5 c5 10. f4 Ne8 11. Qh5 f5 12. Ndf3 Nef6 13. Qh3 Ne4 14. Nxd7 Qxd7 15.
Ne5 Qe8 16. g4 Bd6 17. g5 Bxe5 1/2-1/2

[Event "Bad Woerishofen sen"]
[Site "?"]
[Date "2009.03.11"]
[Round "7"]
[White "Mittermaier, Walter"]
[Black "Szenetra, Werner"]
[Result "0-1"]
[WhiteElo "2141"]
[BlackElo "2246"]
[PlyCount "72"]
[EventDate "2009.03.05"]

1. d4 g6 2. Nf3 Bg7 3. c4 d6 4. Nc3 Nd7 5. e4 e5 6. Be2 Ngf6 7. O-O O-O 8. Be3
Re8 9. dxe5 dxe5 10. Nd2 b6 11. b4 c6 12. Qb3 Nf8 13. c5 Be6 14. Qc2 b5 15. a4
a6 16. Ra3 Ng4 17. Bxg4 Bxg4 18. Rfa1 Rc8 19. axb5 axb5 20. Nb3 Ne6 21. f3 Nd4
22. Qd1 Be6 23. Nd2 Qh4 24. Ra7 Bh6 25. Bxh6 Qxh6 26. Nf1 Nb3 27. Rb1 Red8 28.
Qe1 Nd2 29. Nxd2 Rxd2 30. Rd1 Rcd8 31. Raa1 Qg5 32. g3 R8d3 33. Rxd2 Rxd2 34.
f4 Qd8 35. Rd1 Qd4+ 36. Kf1 Bh3# 0-1

[Event "Bad Woerishofen sen"]
[Site "?"]
[Date "2009.03.11"]
[Round "7"]
[White "Zunker, Reinhard Dr"]
[Black "Groenegress, Wilfried"]
[Result "1/2-1/2"]
[WhiteElo "2194"]
[BlackElo "2178"]
[PlyCount "36"]
[EventDate "2009.03.05"]

1. e4 c6 2. d4 d5 3. Nc3 dxe4 4. Nxe4 Bf5 5. Ng3 Bg6 6. Nf3 Nd7 7. h4 h6 8. h5
Bh7 9. Bd3 Bxd3 10. Qxd3 e6 11. Bf4 Qa5+ 12. Bd2 Qc7 13. O-O-O Ngf6 14. Ne4
Nxe4 15. Qxe4 Nf6 16. Qe2 O-O-O 17. c4 c5 18. Bc3 Qf4+ 1/2-1/2

[Event "Bad Woerishofen sen"]
[Site "?"]
[Date "2009.03.11"]
[Round "7"]
[White "Kripp, Wolfgang"]
[Black "Mentel, Juergen Dr"]
[Result "1/2-1/2"]
[WhiteElo "2181"]
[BlackElo "2110"]
[PlyCount "53"]
[EventDate "2009.03.05"]

1. e4 c5 2. c3 Nf6 3. e5 Nd5 4. d4 cxd4 5. Nf3 e6 6. cxd4 b6 7. Bc4 Bb7 8. O-O
Be7 9. Re1 O-O 10. Bxd5 Bxd5 11. Nc3 Bb7 12. d5 Bb4 13. Bg5 Qe8 14. d6 f5 15.
Be7 Rf7 16. Ng5 Rxe7 17. dxe7 Nc6 18. Nf3 Na5 19. a3 Bxc3 20. bxc3 Qxe7 21. Qd3
Bd5 22. Nd2 Rc8 23. Qd4 Nc4 24. f4 Nxd2 25. Qxd2 Rc4 26. Qe3 Re4 27. Qf2
1/2-1/2

[Event "Bad Woerishofen sen"]
[Site "?"]
[Date "2009.03.11"]
[Round "7"]
[White "Straub, Peter"]
[Black "Zakharenko, Arnold"]
[Result "0-1"]
[WhiteElo "2119"]
[BlackElo "2292"]
[PlyCount "88"]
[EventDate "2009.03.05"]

1. d4 Nf6 2. c4 e6 3. Nf3 Bb4+ 4. Bd2 Qe7 5. a3 Bxd2+ 6. Qxd2 b6 7. g3 Ba6 8.
Qc2 d5 9. Nbd2 O-O 10. Bg2 Rc8 11. b4 c5 12. dxc5 bxc5 13. b5 Bb7 14. O-O Nbd7
15. a4 Rab8 16. a5 Ba8 17. Rfb1 d4 18. Ne1 Bxg2 19. Nxg2 e5 20. e4 Qe6 21. f3
Re8 22. Ne1 g6 23. Nd3 Kg7 24. Nb3 Rec8 25. Nd2 h5 26. Nf2 Ne8 27. Qd3 Nd6 28.
Qf1 f5 29. Ra4 Nf6 30. Re1 h4 31. Nd3 fxe4 32. fxe4 hxg3 33. hxg3 Ng4 34. Qe2
Ne3 35. Nf2 Rh8 36. Rc1 Rbf8 37. Nf1 Nxe4 38. Nxe4 Rxf1+ 39. Qxf1 Nxf1 40. Rxf1
Qg4 41. Re1 Qf3 42. Nf2 Qxg3+ 43. Kf1 Rh2 44. Ra2 Qf3 0-1

[Event "Bad Woerishofen sen"]
[Site "?"]
[Date "2009.03.11"]
[Round "7"]
[White "Schuler, Georg"]
[Black "de Polzer, Manfred"]
[Result "1-0"]
[WhiteElo "1963"]
[BlackElo "1777"]
[PlyCount "115"]
[EventDate "2009.03.05"]

1. c4 c5 2. Nc3 b6 3. Nf3 Bb7 4. g3 g6 5. Bg2 Bg7 6. O-O e6 7. d3 Ne7 8. Bf4 d6
9. Rb1 e5 10. Bd2 Nd7 11. b4 O-O 12. a4 cxb4 13. Rxb4 a5 14. Rb1 Nc5 15. Be3
Rb8 16. Nb5 Nf5 17. Bd2 Re8 18. e4 Nd4 19. Nfxd4 exd4 20. Qc2 h6 21. Rbd1 Kh7
22. Bc1 Qd7 23. Bb2 Ne6 24. Bh3 Qe7 25. Bxe6 fxe6 26. Bxd4 Bxd4 27. Nxd4 e5 28.
Nb5 Rf8 29. f3 Rf6 30. Rf2 Rbf8 31. Rdf1 Bc8 32. g4 Rf4 33. Qe2 h5 34. Nc3 Bb7
35. Nd5 Bxd5 36. exd5 Qd7 37. Qd1 Qc8 38. h3 Qc5 39. Kg2 hxg4 40. hxg4 Kg7 41.
Kg3 g5 42. Qc2 Rh8 43. Rh2 Rff8 44. Rfh1 Qe3 45. Qd1 Rxh2 46. Rxh2 Qf4+ 47. Kg2
Rh8 48. Rxh8 Kxh8 49. Qc2 Qd4 50. Qd2 Qf4 51. Qxf4 exf4 52. Kf2 Kg7 53. d4 Kf6
54. Ke2 Ke7 55. Kd3 Kf7 56. c5 bxc5 57. dxc5 dxc5 58. Kc4 1-0

[Event "Bad Woerishofen sen"]
[Site "?"]
[Date "2009.03.11"]
[Round "7"]
[White "Goy, Udo"]
[Black "Spurga, Josef"]
[Result "1-0"]
[WhiteElo "2203"]
[BlackElo "1996"]
[PlyCount "97"]
[EventDate "2009.03.05"]

1. d4 d5 2. Nf3 c6 3. g3 Nf6 4. Bg2 g6 5. O-O Bg7 6. c4 O-O 7. Nc3 Bf5 8. Qb3
b6 9. cxd5 cxd5 10. Bf4 Nc6 11. Rac1 Rc8 12. Qa4 Qd7 13. Rfd1 Ne4 14. Be3 Rfd8
15. Nh4 Nxc3 16. Rxc3 Na5 17. Qxd7 Bxd7 18. Rxc8 Bxc8 19. Rc1 e6 20. Rc7 a6 21.
Nf3 Bd7 22. Ne5 Be8 23. b3 f6 24. Nd3 Bf8 25. h4 Bd7 26. Ra7 Bc8 27. Bh3 Bd6
28. Bf4 Bxf4 29. Nxf4 Nc6 30. Rc7 Nxd4 31. e3 Nf5 32. Bxf5 exf5 33. Rc6 b5 34.
Rxf6 d4 35. exd4 Rxd4 36. Rb6 Rd1+ 37. Kg2 Kf7 38. Kf3 Rd7 39. Ke3 Bb7 40. Ne6
Re7 41. Rxb7 Kxe6 42. Rxe7+ Kxe7 43. Kd4 Kd6 44. b4 h6 45. f4 Ke6 46. Kc5 Kf6
47. Kb6 g5 48. Kxa6 gxf4 49. gxf4 1-0

[Event "Bad Woerishofen op"]
[Site "?"]
[Date "2009.03.12"]
[Round "8"]
[White "Farago, Ivan"]
[Black "Epishin, Vladimir"]
[Result "0-1"]
[WhiteElo "2482"]
[BlackElo "2587"]
[PlyCount "90"]
[EventDate "2009.03.05"]

1. d4 Nf6 2. c4 g6 3. Nc3 d5 4. cxd5 Nxd5 5. e4 Nxc3 6. bxc3 Bg7 7. Bg5 c6 8.
Nf3 Qa5 9. Qd2 Bg4 10. Be2 Nd7 11. h3 Bxf3 12. Bxf3 e5 13. Rd1 exd4 14. cxd4
Qxd2+ 15. Rxd2 c5 16. Be3 cxd4 17. Bxd4 Bxd4 18. Rxd4 Ke7 19. O-O Rhd8 20. e5
Nxe5 21. Bxb7 Rxd4 22. Bxa8 g5 23. Re1 Kd6 24. Re2 h5 25. g3 f5 26. Kg2 h4 27.
f4 gxf4 28. gxh4 Ke6 29. h5 Kf6 30. h6 Rd8 31. Bb7 Rh8 32. Rd2 Kg5 33. Rd6 Ng6
34. Ra6 Rxh6 35. Rxa7 Nh4+ 36. Kf2 Rh7 37. a4 Rc7 38. a5 f3 39. a6 Kf4 40. Ra8
Rc2+ 41. Kf1 Ng2 42. Kg1 Ne3 43. Bxf3 Kxf3 44. a7 Rc1+ 45. Kh2 Nf1+ 0-1

[Event "Bad Woerishofen op"]
[Site "?"]
[Date "2009.03.12"]
[Round "8"]
[White "Teske, Henrik"]
[Black "Iotov, Valentin"]
[Result "1/2-1/2"]
[WhiteElo "2515"]
[BlackElo "2556"]
[PlyCount "24"]
[EventDate "2009.03.05"]

1. c4 c5 2. Nf3 Nc6 3. d4 cxd4 4. Nxd4 g6 5. e4 Bg7 6. Be3 Nf6 7. Nc3 d6 8. Be2
O-O 9. O-O Bd7 10. Qd2 Nxd4 11. Bxd4 Bc6 12. Rfd1 a5 1/2-1/2

[Event "Bad Woerishofen op"]
[Site "?"]
[Date "2009.03.12"]
[Round "8"]
[White "Schneider, Ilja"]
[Black "Karpatchev, Alexandr"]
[Result "0-1"]
[WhiteElo "2496"]
[BlackElo "2504"]
[PlyCount "68"]
[EventDate "2009.03.05"]

1. Nf3 d5 2. g3 g6 3. Bg2 Bg7 4. d4 Nf6 5. O-O c6 6. c4 dxc4 7. Nc3 O-O 8. Ne5
Ng4 9. f4 Na6 10. e3 Nxe5 11. fxe5 c5 12. b3 cxb3 13. axb3 Nb4 14. Ba3 cxd4 15.
exd4 Nc6 16. Bc5 Bd7 17. b4 Rc8 18. b5 Nxe5 19. Bxb7 Bg4 20. Ne2 Rxc5 21. dxc5
Qc7 22. Bg2 Nc4 23. Rc1 Ne3 24. Qd3 Nxf1 25. Kxf1 Rd8 26. Qe4 h5 27. Nf4 Qa5
28. c6 Qxb5+ 29. Kg1 Qb2 30. Qe1 Be5 31. h3 Bxf4 32. gxf4 Rd2 33. Be4 Bxh3 34.
c7 Re2 0-1

[Event "Bad Woerishofen op"]
[Site "?"]
[Date "2009.03.12"]
[Round "8"]
[White "Loew, Gerald"]
[Black "Gutman, Lev"]
[Result "0-1"]
[WhiteElo "2299"]
[BlackElo "2493"]
[PlyCount "72"]
[EventDate "2009.03.05"]

1. c4 Nf6 2. g3 g6 3. Bg2 Bg7 4. Nc3 O-O 5. e4 c6 6. Nge2 a6 7. d4 b5 8. e5 Ne8
9. c5 d6 10. cxd6 exd6 11. exd6 Nxd6 12. O-O Re8 13. Bf4 b4 14. Na4 Bg4 15. Re1
Nb5 16. h3 Bxe2 17. Rxe2 Rxe2 18. Qxe2 Nxd4 19. Qc4 Nd7 20. Re1 a5 21. Bd6 Qf6
22. Be7 Qf5 23. g4 Qf4 24. Re4 Qd2 25. b3 Ne5 26. Rxd4 Nxc4 27. Rxd2 Nxd2 28.
Bxc6 Rc8 29. Bd5 Bd4 30. Bg5 Rc2 31. Bd8 Nb1 32. Bxa5 Nc3 33. Bg2 Nxa4 34. bxa4
Bxf2+ 35. Kf1 Be3 36. Be4 Rxa2 0-1

[Event "Bad Woerishofen op"]
[Site "?"]
[Date "2009.03.12"]
[Round "8"]
[White "Rahls, Peter"]
[Black "Mainka, Romuald"]
[Result "0-1"]
[WhiteElo "2263"]
[BlackElo "2478"]
[PlyCount "64"]
[EventDate "2009.03.05"]

1. e4 g6 2. d4 Bg7 3. Nc3 d6 4. Be3 a6 5. Qd2 b5 6. Bd3 Nd7 7. a4 b4 8. Nd1 Rb8
9. Ne2 c5 10. O-O Qc7 11. c3 c4 12. Bb1 b3 13. f4 e5 14. Nf2 Ngf6 15. f5 Bb7
16. Bh6 Bxh6 17. Qxh6 Rg8 18. fxg6 Rxg6 19. Qe3 Ke7 20. Ng3 Rbg8 21. Nf5+ Kf8
22. g3 Rg5 23. Rd1 d5 24. dxe5 Nxe5 25. Re1 dxe4 26. Bxe4 Nxe4 27. Nxe4 Rxf5
28. Rf1 Bxe4 29. Qxe4 Rxf1+ 30. Rxf1 Rg6 31. Rf5 Nd3 32. Kg2 Qc6 0-1

[Event "Bad Woerishofen op"]
[Site "?"]
[Date "2009.03.12"]
[Round "8"]
[White "Stabolewski, Andreas"]
[Black "Pirrot, Dieter"]
[Result "0-1"]
[WhiteElo "2281"]
[BlackElo "2441"]
[PlyCount "70"]
[EventDate "2009.03.05"]

1. Nf3 Nc6 2. e4 e5 3. Nc3 g6 4. d4 exd4 5. Nd5 Bg7 6. Bg5 Nce7 7. Nxd4 c6 8.
Nxe7 Nxe7 9. Qd2 h6 10. Bh4 O-O 11. O-O-O d5 12. e5 c5 13. Nb3 b6 14. Be2 Be6
15. g4 g5 16. Bg3 Ng6 17. h4 gxh4 18. Bh2 Nxe5 19. Bxe5 Bxe5 20. f4 Bg7 21. Bf3
Qf6 22. c3 Rad8 23. Rdg1 d4 24. c4 Rfe8 25. g5 hxg5 26. Rxg5 Kf8 27. Bc6 Bh6
28. Bxe8 Rxe8 29. Kb1 Bxg5 30. fxg5 Qf3 31. Qh2 Bf5+ 32. Ka1 Qg3 33. Qd2 Kg7
34. Nc1 h3 35. Rh2 Re1 0-1

[Event "Bad Woerishofen op"]
[Site "?"]
[Date "2009.03.12"]
[Round "8"]
[White "Skembris, Spyridon"]
[Black "Rogobete, Nikolas"]
[Result "1-0"]
[WhiteElo "2413"]
[BlackElo "2275"]
[PlyCount "129"]
[EventDate "2009.03.05"]

1. d4 d6 2. c4 Nf6 3. Nc3 g6 4. Nf3 Bg7 5. g3 O-O 6. Bg2 c6 7. O-O Bg4 8. h3
Bxf3 9. Bxf3 Nbd7 10. b3 Nb6 11. a4 Nbd7 12. a5 a6 13. Ra2 Qc7 14. b4 Rfe8 15.
e3 Rac8 16. Bg2 e6 17. Bd2 d5 18. Qb3 Qd6 19. Rd1 Rcd8 20. Be1 Qe7 21. Rad2 Bf8
22. Rb1 h5 23. Qa2 dxc4 24. Qxc4 Nd5 25. Ne4 Nc7 26. f4 Nb5 27. Qb3 Bg7 28. Bf1
Nd6 29. Nc5 Nf6 30. Bg2 Nd7 31. Rc1 Nxc5 32. bxc5 Nb5 33. Bf2 Qc7 34. Qb4 Rd7
35. Bf3 Bf6 36. Kg2 Bd8 37. Ra2 Bf6 38. Be1 Qd8 39. Rd2 Kg7 40. Bf2 Qc7 41. Rd3
Bd8 42. Be1 Bf6 43. Qc4 Red8 44. Qc2 Kg8 45. Qe2 Kg7 46. Be4 Rh8 47. Qf2 Qc8
48. Bf3 Be7 49. Bb4 Bf6 50. Rd2 Qc7 51. Be2 Rhd8 52. Bc4 Kg8 53. g4 hxg4 54.
hxg4 Re8 55. g5 Bg7 56. Qh4 Qd8 57. Rh1 Kf8 58. Qh7 e5 59. Rh6 exf4 60. Rxg6
Rd5 61. Qxg7+ Ke7 62. exf4 Kd7 63. Bxd5 cxd5 64. Qxf7+ Kc8 65. Rg7 1-0

[Event "Bad Woerishofen op"]
[Site "?"]
[Date "2009.03.12"]
[Round "8"]
[White "Babar, Michael"]
[Black "Bronznik, Valerij"]
[Result "1-0"]
[WhiteElo "2178"]
[BlackElo "2340"]
[PlyCount "81"]
[EventDate "2009.03.05"]

1. e4 c5 2. Nc3 Nc6 3. g3 g6 4. Bg2 Bg7 5. d3 d6 6. Be3 e5 7. Qd2 Nge7 8. Bh6
O-O 9. h4 Bxh6 10. Qxh6 f6 11. Qd2 Nd4 12. h5 g5 13. h6 Ng6 14. Nd5 Be6 15. c3
Nc6 16. O-O-O Nce7 17. Ne2 g4 18. Kb1 Nxd5 19. exd5 Bd7 20. f3 gxf3 21. Bxf3 f5
22. Bh5 Qf6 23. Rdf1 Ne7 24. c4 b5 25. g4 bxc4 26. g5 Qh8 27. dxc4 Be8 28. Ng3
Bg6 29. Bxg6 hxg6 30. h7+ Kg7 31. Qh2 Kf7 32. Ne4 Rad8 33. Nf6 Qg7 34. Qd2 Rh8
35. Qa5 Qf8 36. Qxa7 Kg7 37. Ng8 Kf7 38. Rh6 e4 39. Rfh1 e3 40. Re1 f4 41. Rh4
1-0

[Event "Bad Woerishofen op"]
[Site "?"]
[Date "2009.03.12"]
[Round "8"]
[White "Schulze, Ulrich"]
[Black "Hess, Christian Mathi"]
[Result "1/2-1/2"]
[WhiteElo "2316"]
[BlackElo "2222"]
[PlyCount "45"]
[EventDate "2009.03.05"]

1. d4 d5 2. Nf3 Nf6 3. c4 c6 4. Nc3 dxc4 5. a4 Bf5 6. e3 e6 7. Bxc4 Bb4 8. O-O
O-O 9. Qe2 Nbd7 10. e4 Bg6 11. Bd3 Bh5 12. e5 Nd5 13. Nxd5 cxd5 14. Qe3 h6 15.
Ne1 f5 16. f4 Rc8 17. Nc2 Be7 18. Bd2 Nb8 19. a5 a6 20. b4 Be8 21. Ra2 Bb5 22.
Bxb5 axb5 23. Na3 1/2-1/2

[Event "Bad Woerishofen op"]
[Site "?"]
[Date "2009.03.12"]
[Round "8"]
[White "Racherbaeumer, Marcel"]
[Black "Leiber, Bernard"]
[Result "1-0"]
[WhiteElo "2303"]
[BlackElo "2145"]
[PlyCount "75"]
[EventDate "2009.03.05"]

1. e4 d6 2. d4 Nf6 3. Nc3 c6 4. f4 g6 5. Nf3 Bg7 6. Bd3 b5 7. e5 dxe5 8. fxe5
Nd5 9. Nxd5 Qxd5 10. Qe2 Be6 11. O-O O-O 12. b3 Bg4 13. Bb2 Qd8 14. h3 Bxf3 15.
Qxf3 a5 16. Bxb5 Bxe5 17. dxe5 Qb6+ 18. Kh1 Qxb5 19. e6 f6 20. Ba3 Ra7 21. Qe3
Rc7 22. c4 Qb7 23. Bc5 Rcc8 24. Bb6 a4 25. bxa4 Qa6 26. c5 Qxa4 27. Rad1 Kg7
28. Rd7 Rce8 29. Ra7 Qb5 30. Rd1 Kg8 31. a4 Qc4 32. Rd4 Qf1+ 33. Kh2 g5 34. a5
h6 35. Qd3 Qxd3 36. Rxd3 f5 37. Bc7 Rf6 38. Ra8 1-0

[Event "Bad Woerishofen op"]
[Site "?"]
[Date "2009.03.12"]
[Round "8"]
[White "Anistratov, Dimitrij"]
[Black "Bjarnason, Oskar"]
[Result "1-0"]
[WhiteElo "2384"]
[BlackElo "2232"]
[PlyCount "80"]
[EventDate "2009.03.05"]

1. Nf3 c5 2. c4 Nf6 3. Nc3 e6 4. g3 b6 5. Bg2 Bb7 6. O-O Be7 7. d4 cxd4 8. Qxd4
Nc6 9. Qf4 O-O 10. Rd1 a6 11. b3 d6 12. Ba3 Ne8 13. Rac1 b5 14. Ne4 bxc4 15.
Nc5 Qc7 16. Nxb7 Qxb7 17. bxc4 d5 18. cxd5 exd5 19. Rb1 Qd7 20. Bxe7 Qxe7 21.
Qa4 Nd8 22. Rxd5 Nf6 23. Re5 Ne6 24. h3 Qd6 25. Rd1 Qb6 26. Qa5 Qb2 27. Qd2 Qb6
28. Qe3 Qb2 29. Qd2 Qb6 30. Qa5 Qb2 31. Ng5 Rad8 32. Rxd8 Nxd8 33. Re3 h6 34.
Ne4 Qa1+ 35. Kh2 Nxe4 36. Rxe4 Qf6 37. Rf4 Qe6 38. e3 g5 39. Rf5 Kg7 40. Rd5
Re8 1-0

[Event "Bad Woerishofen op"]
[Site "?"]
[Date "2009.03.12"]
[Round "8"]
[White "Dittmar, Peter"]
[Black "Keller, Manfred"]
[Result "1-0"]
[WhiteElo "2382"]
[BlackElo "2217"]
[PlyCount "83"]
[EventDate "2009.03.05"]

1. c4 g6 2. g3 Bg7 3. Bg2 f5 4. Nc3 Nf6 5. d3 d6 6. e4 Nc6 7. Nge2 O-O 8. O-O
e5 9. Nd5 Ne7 10. Bg5 c6 11. Nxf6+ Bxf6 12. Bxf6 Rxf6 13. d4 Be6 14. d5 cxd5
15. cxd5 Bd7 16. Qb3 b5 17. f4 Qb6+ 18. Kh1 exf4 19. e5 dxe5 20. d6+ Be6 21.
Qc3 Nd5 22. Qxe5 Qe3 23. Qxe3 fxe3 24. Rad1 Rd8 25. Bxd5 Rxd6 26. Bxe6+ Rfxe6
27. Kg2 Rd2 28. Rxd2 exd2 29. Kf2 Rc6 30. Ke3 Rc2 31. Rd1 Rxb2 32. Rxd2 Rxd2
33. Kxd2 Kf7 34. Ke3 Kf6 35. Nc3 a6 36. Nd5+ Ke5 37. Nc7 g5 38. Nxa6 Kd5 39.
Kd3 h6 40. Nb4+ Kc5 41. Nc2 Kd5 42. Nd4 1-0

[Event "Bad Woerishofen op"]
[Site "?"]
[Date "2009.03.12"]
[Round "8"]
[White "Herbold, Manfred"]
[Black "De Francesco, Klaus"]
[Result "1/2-1/2"]
[WhiteElo "2151"]
[BlackElo "2318"]
[PlyCount "62"]
[EventDate "2009.03.05"]

1. g3 d5 2. Bg2 Nf6 3. Nf3 c5 4. O-O Nc6 5. d4 e6 6. c4 dxc4 7. Qa4 Bd7 8. Qxc4
cxd4 9. Nxd4 Rc8 10. Nxc6 Bxc6 11. Bxc6+ Rxc6 12. Qb5 Qc8 13. Nc3 Be7 14. Be3
a6 15. Qb3 O-O 16. h3 b5 17. a3 Rc4 18. Rfc1 e5 19. Kh2 Qf5 20. a4 Bc5 21. Bxc5
Rxc5 22. Kg2 e4 23. axb5 axb5 24. Nd1 Qc8 25. Qe3 Rxc1 26. Qxc1 Qb7 27. Ne3 h5
28. Qc5 Rc8 29. Qg5 Rc6 30. Rd1 Qc7 31. Ra1 Qb7 1/2-1/2

[Event "Bad Woerishofen op"]
[Site "?"]
[Date "2009.03.12"]
[Round "8"]
[White "Schweizer, Manfred"]
[Black "De Santis, Alessio"]
[Result "0-1"]
[WhiteElo "2123"]
[BlackElo "2278"]
[PlyCount "118"]
[EventDate "2009.03.05"]

1. Nf3 d5 2. g3 Nc6 3. Bg2 e5 4. d3 Be7 5. c4 d4 6. O-O f6 7. e3 a5 8. Na3 Bxa3
9. bxa3 Nge7 10. exd4 exd4 11. Rb1 O-O 12. Nh4 g5 13. Nf3 Ra7 14. Nd2 h6 15.
Qh5 Kg7 16. Re1 Ne5 17. Qe2 N7g6 18. Ne4 b6 19. f4 Bg4 20. Qf1 f5 21. Nf2 gxf4
22. Nxg4 fxg4 23. gxf4 c5 24. Qe2 Nf3+ 25. Bxf3 gxf3 26. Qxf3 Raf7 27. Rb2 Nxf4
28. Bxf4 Rxf4 29. Rg2+ Kh7 30. Qe2 R8f7 31. Qe6 Qf8 32. h3 Rf1+ 33. Kh2 Rxe1
34. Qxe1 Qd6+ 35. Qg3 Qxg3+ 36. Kxg3 Re7 37. Kf2 h5 38. h4 Rf7+ 39. Ke2 Rf4 40.
Rh2 a4 41. Rh3 Rg4 42. Kf2 Kg6 43. Rg3 Kf5 44. Rf3+ Ke5 45. Rh3 Kd6 46. Rh1 Kc6
47. Kf3 b5 48. cxb5+ Kxb5 49. Rb1+ Kc6 50. Rh1 Kd5 51. Rh2 c4 52. dxc4+ Kxc4
53. Rc2+ Kd3 54. Rc5 Rxh4 55. Ra5 Rh2 56. Rxa4 Rxa2 57. Ra8 h4 58. Rh8 Rxa3 59.
Rxh4 Kc2+ 0-1

[Event "Bad Woerishofen op"]
[Site "?"]
[Date "2009.03.12"]
[Round "8"]
[White "Meul, Willi"]
[Black "Segelken, Peter"]
[Result "1-0"]
[WhiteElo "1988"]
[BlackElo "1870"]
[PlyCount "119"]
[EventDate "2009.03.05"]

1. d4 d5 2. Nf3 Nf6 3. e3 g6 4. Bd3 Bg7 5. Nbd2 O-O 6. O-O Nbd7 7. e4 dxe4 8.
Nxe4 Nxe4 9. Bxe4 Nf6 10. Bd3 Bg4 11. h3 Bxf3 12. Qxf3 c6 13. c3 a5 14. Re1 Re8
15. Bf4 Qd5 16. Qe2 Qd7 17. Rad1 e6 18. Be5 Nd5 19. Bxg7 Kxg7 20. Qe5+ f6 21.
Qg3 Qc7 22. Qxc7+ Nxc7 23. f4 h5 24. g3 h4 25. gxh4 Nd5 26. Kh2 Nxf4 27. Rg1 e5
28. Bxg6 Nxg6 29. h5 exd4 30. Rxg6+ Kf7 31. Rxd4 Rad8 32. Rdg4 Rd2+ 33. Kg3
Re3+ 34. Kh4 Red3 35. Rg3 Rxg3 36. Rxg3 Rd8 37. h6 b5 38. Rg7+ Kf8 39. Kg4 Rd5
40. h4 c5 41. Rg6 Kf7 42. h5 Rd8 43. Rg7+ Kf8 44. Kf5 Rd5+ 45. Kxf6 Rxh5 46. h7
Rh6+ 47. Rg6 Rxh7 48. Rg2 Ke8 49. Ke6 Rh6+ 50. Kd5 Rh5+ 51. Kc6 b4 52. Kb5 bxc3
53. bxc3 Kd7 54. Kxa5 Kc6 55. c4 Rh8 56. Rg6+ Kc7 57. Kb5 Ra8 58. a4 Rb8+ 59.
Kxc5 Ra8 60. Rg7+ 1-0

[Event "Bad Woerishofen op"]
[Site "?"]
[Date "2009.03.12"]
[Round "8"]
[White "Nieland, Klaus"]
[Black "Duckstein, Torsten"]
[Result "0-1"]
[WhiteElo "1853"]
[BlackElo "1960"]
[PlyCount "64"]
[EventDate "2009.03.05"]

1. c4 e6 2. Nc3 d5 3. e3 Nf6 4. Nf3 c5 5. d4 Nc6 6. a3 a6 7. dxc5 Bxc5 8. b4
Bd6 9. c5 Bb8 10. Nd4 Bd7 11. Bb2 O-O 12. Be2 e5 13. Nxc6 Bxc6 14. O-O Qe7 15.
Qc2 Re8 16. f3 d4 17. Ne4 Nd5 18. exd4 Ne3 19. Qd2 Nxf1 20. Kxf1 Bxe4 21. fxe4
exd4 22. Bf3 Be5 23. Qd3 Rad8 24. Ke2 Qh4 25. Rf1 Re7 26. h3 Bf6 27. Bc1 Bg5
28. Bb2 f5 29. Qc4+ Kh8 30. Bxd4 Rxe4+ 31. Bxe4 Qxe4+ 32. Kf2 Be3+ 0-1